[Event "FRA-ch Railways-B"]
[Site "Soulac sur Mer"]
[Date "2015.05.26"]
[Round "4"]
[White "Prevot, Emmanuel"]
[Black "Faure, Stephane"]
[Result "0-1"]
[WhiteElo "2108"]
[BlackElo "2063"]
[PlyCount "88"]
[EventDate "2015.05.26"]
[EventType "swiss"]
[EventRounds "7"]
[EventCountry "FRA"]
[SourceTitle "EXT 2016"]
[Source "ChessBase"]
[SourceDate "2015.10.08"]
[SourceVersion "1"]
[SourceVersionDate "2015.10.08"]
[SourceQuality "1"]

1. e4 c5 2. Nf3 d6 3. c3 Nf6 4. Be2 e6 5. 0-0 Be7 6. Re1 0-0 7. Bf1 b6 8. d3 Nbd7 9. a3 Bb7 10. b4 b5 11. Nbd2 a5 12. Bb2 Nb6 13. Rb1 axb4 14. axb4 cxb4 15. cxb4 Ra4 16. Ba1 Qa8 17. Nd4 Qa6 18. Nc2 Rc8 19. Nb3 Ra2 20. Re2 Na4 21. Na5 Ba8 22. Nd4 Rxa1 23. Rxa1 Nc3 24. Qd2 Nxe2+ 25. Nxe2 Qb6 26. Rc1 Rc7 27. Rxc7 Qxc7 28. Nd4 Qd7 29. Qe3 Bd8 30. Kh1 h5 31. f3 h4 32. Nab3 Bb6 33. Qc1 Bb7 34. Na5 Bc8 35. Qc3 Nh5 36. Nxb5 Qxb5 37. Qxc8+ Kh7 38. Qc4 Qg5 39. Nb3 Be3 40. g4 hxg3 41. e5 gxh2 42. Qg4 Qxe5 43. Bg2 Ng3+ 44. Kxh2 Ne4+ 0-1

[Event "St Mandrier IDF-ch"]
[Site "St Mandrier"]
[Date "2012.04.03"]
[Round "?"]
[White "Prevot, Emmanuel"]
[Black "De Castet, Antoine"]
[Result "1-0"]
[WhiteElo "2116"]
[BlackElo "1581"]
[PlyCount "71"]
[EventDate "2012.04.03"]
[EventType "swiss"]
[EventRounds "6"]
[EventCountry "FRA"]
[SourceTitle "EXT 2014"]
[Source "ChessBase"]
[SourceDate "2013.11.20"]
[SourceVersion "1"]
[SourceVersionDate "2013.11.20"]
[SourceQuality "1"]

1. e4 e6 2. d3 Nc6 3. Nf3 d5 4. Nbd2 Nf6 5. c3 Be7 6. Be2 0-0 7. Qc2 b6 8. 0-0 Bb7 9. Re1 Qd7 10. b4 a6 11. e5 Ne8 12. d4 Na7 13. Bd3 h6 14. Nb3 Rc8 15. a4 c5 16. bxc5 bxc5 17. Nxc5 Bxc5 18. dxc5 Nc7 19. Be3 Nc6 20. Bd4 Rfe8 21. Rab1 Rb8 22. Rb6 Na8 23. Rb2 Qc7 24. Reb1 Bc8 25. Qe2 Rxb2 26. Qxb2 Qa5 27. Bc2 Re7 28. Qc1 Rb7 29. Rxb7 Bxb7 30. h4 Qd8 31. h5 Qe7 32. Qd2 Qc7 33. Qd3 Kf8 34. Qh7 Ne7 35. Qh8+ Ng8 36. Bh7 1-0

[Event "Cappelle op 28th"]
[Site "Cappelle la Grande"]
[Date "2012.03.06"]
[Round "5"]
[White "Arutinian, David"]
[Black "Prevot, Emmanuel"]
[Result "1-0"]
[WhiteElo "2553"]
[BlackElo "2116"]
[PlyCount "63"]
[EventDate "2012.03.03"]
[EventType "swiss"]
[EventRounds "9"]
[EventCountry "FRA"]
[SourceTitle "CBM 147 Extra"]
[Source "ChessBase"]
[SourceDate "2012.04.24"]
[SourceVersion "1"]
[SourceVersionDate "2012.04.24"]
[SourceQuality "1"]

1. Nf3 c5 2. c4 Nf6 3. g3 b6 4. Bg2 Bb7 5. 0-0 e6 6. b3 Be7 7. Bb2 0-0 8. e3 d6 9. d3 Nbd7 10. Nc3 a6 11. Qe2 Qc7 12. Ne1 Rab8 13. f4 Rfd8 14. e4 Bc6 15. g4 b5 16. g5 Ne8 17. h4 Qb7 18. Rb1 Nc7 19. Nc2 Bf8 20. Ne3 Re8 21. Qf2 Be7 22. Ba1 b4 23. Ncd5 Bf8 24. h5 Qc8 25. h6 exd5 26. cxd5 Ba8 27. hxg7 Bxg7 28. Bxg7 Kxg7 29. Nf5+ Kg8 30. Qh4 Rf8 31. Qh6 Ne8 32. Rf3 1-0

[Event "FRA-chT2B 0506"]
[Site "France"]
[Date "2006.01.14"]
[Round "5.3"]
[White "Prevot, Emmanuel"]
[Black "Strugnell, Carl"]
[Result "0-1"]
[WhiteElo "2230"]
[BlackElo "2164"]
[PlyCount "60"]
[EventDate "2005.10.27"]
[EventType "team-tourn"]
[EventRounds "11"]
[EventCountry "FRA"]
[SourceTitle "EXT 2006"]
[Source "ChessBase"]
[SourceDate "2005.11.24"]
[SourceVersion "1"]
[SourceVersionDate "2005.11.24"]
[SourceQuality "1"]
[WhiteTeam "Rosny sous Bois"]
[BlackTeam "Pontoise"]
[WhiteTeamCountry "FRA"]
[BlackTeamCountry "FRA"]

1. e4 c5 2. Nf3 d6 3. g3 Nf6 4. d3 Nc6 5. Bg2 e5 6. 0-0 Be7 7. Nc3 0-0 8. h3 Rb8 9. a4 a6 10. Nh4 b5 11. axb5 axb5 12. f4 b4 13. Nb1 Re8 14. f5 d5 15. Nd2 dxe4 16. dxe4 Qd4+ 17. Kh2 c4 18. Nhf3 Qc5 19. c3 Rd8 20. Re1 Rd3 21. Qe2 bxc3 22. bxc3 Rxc3 23. Ra4 Na5 24. Rxa5 Qxa5 25. Nxc4 Qc7 26. Nfxe5 Ba6 27. Bf1 Bxc4 28. Nxc4 Qxg3+ 29. Kh1 Rxc4 30. Bf4 Nxe4 0-1

[Event "FRA-chT2B 0506"]
[Site "France"]
[Date "2005.11.20"]
[Round "3.4"]
[White "Delorme, Axel"]
[Black "Prevot, Emmanuel"]
[Result "1-0"]
[WhiteElo "2219"]
[BlackElo "2223"]
[PlyCount "64"]
[EventDate "2005.10.27"]
[EventType "team-tourn"]
[EventRounds "11"]
[EventCountry "FRA"]
[SourceTitle "EXT 2006"]
[Source "ChessBase"]
[SourceDate "2005.11.24"]
[SourceVersion "1"]
[SourceVersionDate "2005.11.24"]
[SourceQuality "1"]
[WhiteTeam "Clichy II"]
[BlackTeam "Rosny sous Bois"]
[WhiteTeamCountry "FRA"]
[BlackTeamCountry "FRA"]

1. e4 g6 2. d4 Bg7 3. Nc3 c5 4. dxc5 Bxc3+ 5. bxc3 Qa5 6. Ne2 Nc6 7. Be3 Nf6 8. f3 0-0 9. Kf2 Rd8 10. Nd4 d5 11. cxd6 Rxd6 12. Bd3 Ne5 13. Qb1 Qd8 14. Rd1 a6 15. Kg1 Nfd7 16. a4 Qc7 17. Qb4 Nc6 18. Nxc6 Qxc6 19. c4 a5 20. Qb5 b6 21. e5 Qxb5 22. cxb5 Nxe5 23. Be4 Rb8 24. Bf4 Nc4 25. Bd3 e5 26. Bxc4 Rxd1+ 27. Rxd1 exf4 28. Rd8+ Kg7 29. Bd5 Kf6 30. Re8 g5 31. Bc6 h5 32. h3 Kf5 1-0

[Event "FRA-chT2B 0506"]
[Site "France"]
[Date "2005.10.16"]
[Round "1.4"]
[White "Le Quang, Kim"]
[Black "Prevot, Emmanuel"]
[Result "1-0"]
[WhiteElo "2323"]
[BlackElo "2223"]
[PlyCount "97"]
[EventDate "2005.10.27"]
[EventType "team-tourn"]
[EventRounds "11"]
[EventCountry "FRA"]
[SourceTitle "EXT 2006"]
[Source "ChessBase"]
[SourceDate "2005.11.24"]
[SourceVersion "1"]
[SourceVersionDate "2005.11.24"]
[SourceQuality "1"]
[WhiteTeam "Bagneux"]
[BlackTeam "Rosny sous Bois"]
[WhiteTeamCountry "FRA"]
[BlackTeamCountry "FRA"]

1. c4 b6 2. Nc3 Bb7 3. e4 e6 4. g3 f5 5. Bg2 Nf6 6. f3 fxe4 7. fxe4 e5 8. Nf3 Nc6 9. 0-0 Bc5+ 10. Kh1 0-0 11. d3 Qe8 12. Na4 Qh5 13. Nxc5 bxc5 14. Be3 d6 15. Nh4 Qxd1 16. Raxd1 Bc8 17. h3 Bd7 18. g4 Rab8 19. Rd2 Rb4 20. Rdf2 Rfb8 21. b3 Be6 22. Bf3 Nd7 23. Kg2 R4b6 24. Bd1 Ra6 25. Rd2 Nb4 26. Rff2 Ra3 27. Nf3 Nf8 28. Kg3 Bd7 29. h4 Ne6 30. g5 Rb6 31. Ne1 Rba6 32. Nc2 Rxa2 33. Nxb4 Rxd2 34. Bxd2 cxb4 35. Bxb4 Nf4 36. Rd2 c5 37. Bc3 Ra3 38. Kf3 Ne6 39. Rb2 a5 40. Ke3 Nd8 41. Rh2 Nc6 42. Bb2 Ra2 43. Bxe5 Rxh2 44. Bxh2 Ne5 45. d4 cxd4+ 46. Kxd4 Nf3+ 47. Kd5 Bc8 48. Bxd6 Bb7+ 49. Ke6 1-0

[Event "FRA-chT2 0405"]
[Site "France"]
[Date "2004.12.05"]
[Round "4.5"]
[White "Prevot, Emmanuel"]
[Black "Jarreton, Herve"]
[Result "1-0"]
[WhiteElo "2241"]
[BlackElo "2074"]
[PlyCount "69"]
[EventDate "2004.10.10"]
[EventType "team-tourn"]
[EventRounds "11"]
[EventCountry "FRA"]
[SourceTitle "EXT 2006"]
[Source "ChessBase"]
[SourceDate "2005.11.24"]
[SourceVersion "1"]
[SourceVersionDate "2005.11.24"]
[SourceQuality "1"]
[WhiteTeam "Rosny sous Bois"]
[BlackTeam "Rueil Malmaison"]
[WhiteTeamCountry "FRA"]
[BlackTeamCountry "FRA"]

1. e4 e5 2. Bc4 Nf6 3. d4 exd4 4. Nf3 Nc6 5. 0-0 Nxe4 6. Re1 d5 7. Bxd5 Qxd5 8. Nc3 Qa5 9. Nxe4 Be6 10. Neg5 0-0-0 11. Nxe6 fxe6 12. Rxe6 Qf5 13. Qe2 h6 14. Bd2 Qxc2 15. Rc1 Qxb2 16. Rexc6 bxc6 17. Qe6+ Kb8 18. Ne5 Bd6 19. Nxc6+ Ka8 20. Na5 c6 21. Qe4 Rhe8 22. Qxc6+ Kb8 23. g3 Qb6 24. Qf3 Rc8 25. Nc6+ Rxc6 26. Rxc6 Qb7 27. Qd5 Bc7 28. h4 Re2 29. Bf4 Ka8 30. Bxc7 Re8 31. Rc5 d3 32. Bf4 a6 33. Qxb7+ Kxb7 34. Rd5 Re2 35. a3 1-0

[Event "Rosny sous Bois 03rd"]
[Site "Rosny sous Bois"]
[Date "2004.10.28"]
[Round "6"]
[White "Riff, Jean Noel"]
[Black "Prevot, Emmanuel"]
[Result "1-0"]
[WhiteElo "2428"]
[BlackElo "2241"]
[PlyCount "51"]
[EventDate "2004.10.23"]
[EventType "tourn"]
[EventRounds "9"]
[EventCountry "FRA"]
[EventCategory "4"]
[SourceTitle "EXT 2005"]
[Source "ChessBase"]
[SourceDate "2004.11.15"]
[SourceVersion "1"]
[SourceVersionDate "2004.11.15"]
[SourceQuality "1"]

1. e4 c5 2. Nc3 g6 3. d4 Bg7 4. dxc5 Qa5 5. Bd2 Qxc5 6. Nd5 Na6 7. Nf3 e6 8. Bc3 Bxc3+ 9. Nxc3 Nf6 10. Qd2 0-0 11. Rd1 Nb4 12. Be2 d5 13. exd5 Nbxd5 14. Nxd5 Qxd5 15. Qf4 Qa5+ 16. c3 Kg7 17. 0-0 Re8 18. Ne5 Qc7 19. Bf3 Nd5 20. Bxd5 exd5 21. Nxg6 Qxf4 22. Nxf4 Re4 23. Nxd5 Re2 24. Nc7 Rb8 25. Rd8 b6 26. Ne8+ 1-0

[Event "Rosny sous Bois 03rd"]
[Site "Rosny sous Bois"]
[Date "2004.10.25"]
[Round "3"]
[White "Prevot, Emmanuel"]
[Black "Inkiov, Ventzislav"]
[Result "0-1"]
[WhiteElo "2241"]
[BlackElo "2496"]
[PlyCount "68"]
[EventDate "2004.10.23"]
[EventType "tourn"]
[EventRounds "9"]
[EventCountry "FRA"]
[EventCategory "4"]
[SourceTitle "EXT 2005"]
[Source "ChessBase"]
[SourceDate "2004.11.15"]
[SourceVersion "1"]
[SourceVersionDate "2004.11.15"]
[SourceQuality "1"]

1. e4 c5 2. Nc3 Nc6 3. g3 g6 4. Bg2 Bg7 5. d3 d6 6. Nf3 Nf6 7. 0-0 0-0 8. h3 Rb8 9. a4 Ne8 10. Nd5 e6 11. Ne3 f5 12. c3 e5 13. Nd5 Nc7 14. Bg5 Qd7 15. Qd2 Nxd5 16. exd5 Nd8 17. Bxd8 Qxd8 18. Kh2 a6 19. Ng1 g5 20. f4 Bd7 21. b3 Qf6 22. Ne2 Rbe8 23. Rf2 exf4 24. gxf4 g4 25. Rc1 h5 26. Kh1 Re7 27. Ng1 Rfe8 28. c4 Qh4 29. Re2 Rxe2 30. Nxe2 gxh3 31. Bf1 Qf2 32. Qe1 Qf3+ 33. Kh2 Rxe2+ 34. Qxe2 Qxf4+ 0-1

[Event "FRA-chT2 0405"]
[Site "France"]
[Date "2004.10.10"]
[Round "1.5"]
[White "Prevot, Emmanuel"]
[Black "Bartha, Sandor"]
[Result "1/2-1/2"]
[WhiteElo "2241"]
[BlackElo "2207"]
[PlyCount "104"]
[EventDate "2004.10.10"]
[EventType "team-tourn"]
[EventRounds "11"]
[EventCountry "FRA"]
[SourceTitle "EXT 2006"]
[Source "ChessBase"]
[SourceDate "2005.11.24"]
[SourceVersion "1"]
[SourceVersionDate "2005.11.24"]
[SourceQuality "1"]
[WhiteTeam "Rosny sous Bois"]
[BlackTeam "Bagneux"]
[WhiteTeamCountry "FRA"]
[BlackTeamCountry "FRA"]

1. e4 c5 2. Nf3 d6 3. g3 Nf6 4. d3 Nc6 5. Bg2 Bg4 6. h3 Bd7 7. 0-0 g6 8. Nc3 Bg7 9. Be3 0-0 10. Qd2 Re8 11. Bh6 e5 12. Bxg7 Kxg7 13. Nh4 Nd4 14. Nd1 Nh5 15. c3 Nc6 16. Ne3 Nf4 17. Nhf5+ gxf5 18. gxf4 exf4 19. Nc4 Qg5 20. Nxd6 Rg8 21. Kh2 Kf8 22. Rg1 Qh6 23. Nxf5 Bxf5 24. exf5 Ne5 25. Bxb7 Rxg1 26. Rxg1 Rd8 27. d4 Nc4 28. Qe2 Nd6 29. Bh1 cxd4 30. cxd4 Nxf5 31. d5 Qd6 32. Qf3 Nd4 33. Qg4 f3+ 34. Rg3 Ne2 35. Qg7+ Ke7 36. Bxf3 Nxg3 37. fxg3 Qf6 38. Qg4 Qxb2+ 39. Bg2 Qf6 40. Qe4+ Kd6 41. Qb4+ Kd7 42. Qa4+ Ke7 43. Qa3+ Qd6 44. Qxa7+ Kf8 45. Qd4 Kg8 46. h4 Qa3 47. Qg4+ Kf8 48. Qg5 Rd6 49. Qe5 h6 50. Qh8+ Ke7 51. Qe5+ Kf8 52. Qh8+ Ke7 1/2-1/2

[Event "FRA-chT2 0304"]
[Site "France"]
[Date "2004.01.17"]
[Round "5"]
[White "Alet, Jean Pierre"]
[Black "Prevot, Emmanuel"]
[Result "1-0"]
[WhiteElo "2202"]
[BlackElo "2257"]
[PlyCount "61"]
[EventDate "2003.10.??"]
[EventType "team-tourn"]
[EventRounds "11"]
[EventCountry "FRA"]
[SourceTitle "EXT 2005"]
[Source "ChessBase"]
[SourceDate "2004.11.15"]
[SourceVersion "1"]
[SourceVersionDate "2004.11.15"]
[SourceQuality "1"]
[WhiteTeam "Poitiers Buxerolles"]
[WhiteTeamCountry "FRA"]

1. d4 Nf6 2. c4 e5 3. dxe5 Ne4 4. Nd2 Nc5 5. Ngf3 Nc6 6. b3 Qe7 7. Rb1 Nb4 8. a3 Nc6 9. b4 Ne6 10. Bb2 b6 11. e3 Bb7 12. Bd3 f6 13. Be4 0-0-0 14. exf6 gxf6 15. 0-0 Rg8 16. Qc2 Qg7 17. g3 h5 18. Nh4 Qh8 19. Ndf3 Kb8 20. Rfd1 Bh6 21. Bd5 Rg4 22. Rd2 Re8 23. b5 Ne5 24. Bxe5 fxe5 25. Bxb7 Kxb7 26. Qf5 Nc5 27. Qxh5 Rxc4 28. Nf5 Re6 29. Nxh6 Rxh6 30. Qxe5 Rxh2 31. Qd5+ 1-0

[Event "FRA-chT2"]
[Site "France"]
[Date "2002.03.??"]
[Round "10.2"]
[White "Rainfray, Arnaud"]
[Black "Prevot, Emmanuel"]
[Result "1-0"]
[WhiteElo "2350"]
[BlackElo "2219"]
[PlyCount "79"]
[EventDate "2002.??.??"]
[EventType "team-tourn"]
[EventRounds "11"]
[EventCountry "FRA"]
[SourceTitle "EXT 2003"]
[Source "ChessBase"]
[SourceDate "2002.11.25"]
[SourceVersion "1"]
[SourceVersionDate "2002.11.25"]
[SourceQuality "1"]

1. e4 c5 2. Nf3 d6 3. c3 Nf6 4. Be2 g6 5. 0-0 Bg7 6. Bb5+ Nbd7 7. Re1 0-0 8. d4 e5 9. a4 Qc7 10. Na3 b6 11. d5 a6 12. Bd3 Kh8 13. b4 Ng4 14. Nc4 f5 15. Ng5 Ndf6 16. exf5 gxf5 17. f3 Nh6 18. Bf1 Bd7 19. bxc5 bxc5 20. a5 Rfe8 21. Rb1 Ra7 22. Nb6 c4 23. Nxc4 f4 24. Ba3 Bb5 25. Bxd6 Qc8 26. Nxe5 Bxf1 27. Rxf1 Qxc3 28. Ne6 Nf5 29. Bb8 Rae7 30. Qd3 Qxd3 31. Nxd3 Nxd5 32. Nxg7 Kxg7 33. Nxf4 Nc3 34. Rb6 Ne3 35. Re1 Nc4 36. Rxe7+ Rxe7 37. Rb3 Nd1 38. h4 Nxa5 39. Rb6 Rb7 40. Be5+ 1-0

[Event "Metz op 19th"]
[Site "Metz"]
[Date "2001.04.11"]
[Round "5"]
[White "Pichelin, Pascal"]
[Black "Prevot, Emmanuel"]
[Result "1/2-1/2"]
[WhiteElo "2031"]
[BlackElo "2216"]
[PlyCount "105"]
[EventDate "2001.04.07"]
[EventType "swiss"]
[EventRounds "9"]
[EventCountry "FRA"]
[SourceTitle "CBM 081 Extra"]
[Source "ChessBase"]
[SourceDate "2001.05.06"]
[SourceVersion "1"]
[SourceVersionDate "2001.05.06"]
[SourceQuality "1"]

1. e4 c5 2. Nf3 d6 3. d4 Nf6 4. Nc3 cxd4 5. Nxd4 g6 6. Bc4 Bg7 7. 0-0 0-0 8. h3 Nc6 9. Be3 Nxe4 10. Nxe4 d5 11. Bxd5 Qxd5 12. Nc3 Qc4 13. Nxc6 bxc6 14. Bd2 Rd8 15. Qc1 Rb8 16. Nd1 Rb5 17. Bc3 e5 18. Ne3 Qh4 19. Rd1 Re8 20. Qd2 Bh6 21. Qd6 Qe4 22. Re1 Bf8 23. Qf6 Be7 24. Ng4 Qxg4 25. Qxe7 Rxe7 26. hxg4 Bxg4 27. a4 Rd5 28. Bb4 Re6 29. c4 Rd4 30. Bc3 Rxc4 31. Rxe5 Rxe5 32. Bxe5 Kf8 33. a5 Ke7 34. Bc3 a6 35. f3 Be6 36. Kf2 Rh4 37. Kg3 Rh5 38. Rc1 Kd6 39. Rd1+ Bd5 40. Bb4+ Kd7 41. Bc5 Rf5 42. b4 h5 43. Rh1 f6 44. Rh4 Ke6 45. Rf4 Re5 46. Bd4 g5 47. Rxf6+ Kxf6 48. f4 h4+ 49. Kg4 gxf4 50. Kxf4 Bxg2 51. Bxe5+ Ke6 52. Bb8 Kd5 53. Ba7 1/2-1/2

[Event "Metz op 17th"]
[Site "Metz"]
[Date "1999.04.19"]
[Round "3"]
[White "Brunner, Nicolas"]
[Black "Prevot, Emmanuel"]
[Result "0-1"]
[WhiteElo "2013"]
[BlackElo "2194"]
[PlyCount "124"]
[EventDate "1999.04.17"]
[EventType "swiss"]
[EventRounds "9"]
[EventCountry "FRA"]
[SourceTitle "EXT 2020"]
[Source "ChessBase"]
[SourceDate "2019.10.17"]
[SourceVersion "1"]
[SourceVersionDate "2019.10.17"]
[SourceQuality "1"]

1. d4 Nf6 2. Nf3 c5 3. d5 g6 4. c4 d6 5. Nc3 Bg7 6. e4 0-0 7. Be2 e6 8. h3 exd5 9. cxd5 Re8 10. Qc2 Na6 11. 0-0 Nb4 12. Qb1 Qe7 13. a3 Nxe4 14. Nxe4 Qxe4 15. Bb5 Qxb1 16. Rxb1 Bf5 17. Bxe8 Bxb1 18. Bxf7+ Kxf7 19. axb4 cxb4 20. Ng5+ Kg8 21. Ne6 Be5 22. Bf4 Bxf4 23. Rxb1 Be5 24. f4 Bf6 25. Nc7 Rc8 26. Nb5 Rc5 27. Nxd6 Rxd5 28. Ne4 Kf7 29. Kh2 a5 30. b3 Bc3 31. Rc1 Rd3 32. Nc5 Rd4 33. Nxb7 a4 34. bxa4 Rxf4 35. a5 Rf6 36. Nc5 Rc6 37. Nb3 Be5+ 38. Kg1 Rxc1+ 39. Nxc1 Ke6 40. Kf1 Kd5 41. a6 Kc6 42. a7 Kb7 43. a8Q+ Kxa8 44. Ke2 Kb7 45. Kd3 Kb6 46. Kc4 Ka5 47. Kb3 Kb5 48. Nd3 Bd6 49. Nf2 Bf8 50. Nd3 Be7 51. h4 Bxh4 52. Nxb4 Kc5 53. Nc2 Bf6 54. Ne3 Kd4 55. Ng4 Bh4 56. Kc2 Ke4 57. Nh2 Ke3 58. Nf3 Bf6 59. Nh2 Ke2 60. Ng4 Bg7 61. Nh2 Kf2 62. Nf3 Bf6 0-1

[Event "Bourbon Lancy op"]
[Site "Bourbon Lancy"]
[Date "1998.10.25"]
[Round "2"]
[White "Prevot, Emmanuel"]
[Black "Chuchelov, Vladimir"]
[Result "1/2-1/2"]
[WhiteElo "2200"]
[BlackElo "2540"]
[PlyCount "111"]
[EventDate "1998.10.??"]
[EventType "swiss"]
[EventRounds "9"]
[EventCountry "FRA"]
[SourceTitle "EXT 2000"]
[Source "ChessBase"]
[SourceDate "1999.11.16"]
[SourceVersion "1"]
[SourceVersionDate "1999.11.16"]
[SourceQuality "1"]

1. e4 c5 2. Nf3 e6 3. d3 Nc6 4. g3 d5 5. Nbd2 Nf6 6. Bg2 Be7 7. 0-0 b6 8. Re1 Bb7 9. c3 Qc7 10. a3 0-0 11. e5 Nd7 12. d4 b5 13. Nf1 a5 14. h4 b4 15. Bh3 Nb6 16. N1h2 bxc3 17. bxc3 a4 18. Ng5 cxd4 19. cxd4 Ba6 20. Qh5 Bd3 21. Rd1 Bc2 22. Bf4 Nc4 23. Rac1 Bg6 24. Qf3 Bxg5 25. Bxg5 h6 26. Bxh6 gxh6 27. Ng4 f5 28. exf6 h5 29. Ne3 Nxe3 30. Bxe6+ Kh7 31. fxe3 Rad8 32. Rc5 Rd6 33. Bxd5 Rfxf6 34. Qg2 Qe7 35. e4 Rxd5 36. Rxd5 Bxe4 37. Rxh5+ Kg7 38. Rg5+ Kh7 39. Qd2 Qd6 40. Rh5+ Kg7 41. Rg5+ Kh7 42. Qe3 Bf3 43. Rd2 Bd5 44. Qd3+ Kh6 45. Re2 Bf7 46. d5 Qc5+ 47. Qe3 Qxe3+ 48. Rxe3 Nd4 49. Kg2 Rd6 50. g4 Bxd5+ 51. Kg3 Bc4 52. Re8 Kh7 53. Re7+ Kh6 54. Re8 Kh7 55. Re7+ Kh6 56. Re8 1/2-1/2